| 000 | 00000nas##2200000za#4500 |
|---|---|
| 001 | 9.503254 |
| 003 | CaOODSP |
| 005 | 20200818140106 |
| 007 | cr ||||||||||| |
| 008 | 150406c1997||||xxc|| p o||||f| |0fre|d |
| 022 | |a1497-7915 |
| 040 | |aCaOODSP|bfre |
| 043 | |an-cn--- |
| 086 | 1 |aFs151-14F-PDF |
| 110 | 2 |aGarde côtière canadienne. |
| 245 | 10|aPlan de recherche et développement |h[ressource électronique] |
| 260 | |aOttawa - Ontario : |bPêches et Océans Canada. |
| 310 | |aAnnuel |
| 362 | 1 |a[1996/1997]-2003/2004 |
| 691 | 07|aRecherche et développement|2gcpds |
| 775 | 08|tResearch and development plan |w(CaOODSP)9.506858 |